000 00691nam a22002297a 4500
005 20150515043544.0
008 120321s2013 iauab s001 0 eng
020 _a9780073378947
041 0 _aeng
080 _a321.7
100 1 _aMaltese, John Anthony.
245 1 0 _aGovernment matters :
_cJohn Maltese, Joseph A. Pika, W. Phillips Shively.
250 _a1st ed.
260 _aDubuque, Iowa :
_bMcGraw-Hill,
_c2013.
300 _a744 f. :
_bme il.;
_c26 cm.
505 0 _aIndex: f. 724 - 744
650 0 _aDemokracia
651 0 _aUnited States
700 1 _aPika, Joseph August,
_d1947-
700 1 _aShively, W. Phillips,
_d1942-
942 _2udc
_cBK
999 _c760
_d760